The impact of financial reporting quality on debt maturity: The case of private firms / (Record no. 361471)
[ view plain ]
| 000 -LEADER | |
|---|---|
| fixed length control field | 00619nam a2200181Ia 4500 |
| 008 - FIXED-LENGTH DATA ELEMENTS--GENERAL INFORMATION | |
| fixed length control field | 190422s9999 xx 000 0 und d |
| 100 ## - MAIN ENTRY--PERSONAL NAME | |
| Personal name | De Meyere, Michiel |
| 245 #4 - TITLE STATEMENT | |
| Title | The impact of financial reporting quality on debt maturity: The case of private firms / |
| 245 ## - TITLE STATEMENT | |
| Statement of responsibility, etc | Michiel De Meyere, Heidi vander bauwhede and Phillipe Van Cauwenberge.-- |
| 260 ## - PUBLICATION, DISTRIBUTION, ETC. (IMPRINT) | |
| Name of publisher, distributor, etc | Taylor and Francis Group |
| 260 ## - PUBLICATION, DISTRIBUTION, ETC. (IMPRINT) | |
| Date of publication, distribution, etc | 2018 |
| 300 ## - PHYSICAL DESCRIPTION | |
| Extent | pages 759-781, 2018 |
| 440 ## - SERIES STATEMENT/ADDED ENTRY--TITLE | |
| Title | Accounting and Business Research |
| Volume number/sequential designation | 48(7) |
| 650 ## - SUBJECT ADDED ENTRY--TOPICAL TERM | |
| Topical term or geographic name as entry element | Debt |
| 650 ## - SUBJECT ADDED ENTRY--TOPICAL TERM | |
| Topical term or geographic name as entry element | Debt Maturity |
| 650 ## - SUBJECT ADDED ENTRY--TOPICAL TERM | |
| Topical term or geographic name as entry element | Financial Reporting Quality |
| 650 ## - SUBJECT ADDED ENTRY--TOPICAL TERM | |
| Topical term or geographic name as entry element | Privately Held |
No items available.